000
00281nam a2200121Ia 4500
005
20251222144710.0
008
251222s9999||||xx |||||||||||||| ||spa||
082
_a
230.2/O88
100
_a
Ott, Ludwin
245
0
_a
Manual de TeologĂa DogmĂtica
264
_b
Herder
942
_c
LIB
999
_c
17775
_d
17775